000 00354 a2200169 4500
001 187962
020 _a
040 _cMagnum
100 _aCarrasco, Walcyr
240 1 0 _aCadê o super-herói
_lpor
245 1 0 _aCadê o super-herói
300 _a61
362 0 _a1992
440 1 _aGlobal
697 _aLITERATURA INFANTO-JUVENIL
942 _cBK
999 _c187962
_d187962